ARRUPE JESUIT UNIVERSITY

CORONAVIRUS -STOP THE SPREAD - CLEAN,DISINFECT,COVER

Peace skills : (Record no. 128777)

MARC details
000 -LEADER
fixed length control field 01488cam a22003494a 4500
001 - CONTROL NUMBER
control field 12153890
003 - CONTROL NUMBER IDENTIFIER
control field ARRUPE
005 - DATE AND TIME OF LATEST TRANSACTION
control field 20190114111031.0
008 - FIXED-LENGTH DATA ELEMENTS--GENERAL INFORMATION
fixed length control field 000824s2001 cau b 001 0 eng
010 ## - LIBRARY OF CONGRESS CONTROL NUMBER
LC control number 00011082
020 ## - INTERNATIONAL STANDARD BOOK NUMBER
International Standard Book Number 0787947997 (perm paper)
040 ## - CATALOGING SOURCE
Original cataloging agency DLC
Transcribing agency DLC
Modifying agency DLC
042 ## - AUTHENTICATION CODE
Authentication code pcc
050 00 - LIBRARY OF CONGRESS CALL NUMBER
Classification number BF637.N4
Item number K73 2000
082 00 - DEWEY DECIMAL CLASSIFICATION NUMBER
Classification number 303.6/9
Edition number 21
300 ## - PHYSICAL DESCRIPTION
Dimensions 28 cm.
100 1# - MAIN ENTRY--PERSONAL NAME
Personal name Kraybill, Ronald S.
9 (RLIN) 44018
245 10 - TITLE STATEMENT
Title Peace skills :
Remainder of title a manual for community mediators /
Statement of responsibility, etc Ronald S. Kraybill with Alice Frazer Evans and Robert A. Evans.
250 ## - EDITION STATEMENT
Edition statement 1st ed.
260 ## - PUBLICATION, DISTRIBUTION, ETC. (IMPRINT)
Place of publication, distribution, etc San Francisco :
Name of publisher, distributor, etc Jossey-Bass,
Date of publication, distribution, etc c2001.
300 ## - PHYSICAL DESCRIPTION
Extent xviii, 137 p. ;
504 ## - BIBLIOGRAPHY, ETC. NOTE
Bibliography, etc Includes bibliographical references (p. 123) and index.
650 #0 - SUBJECT ADDED ENTRY--TOPICAL TERM
Topical term or geographic name as entry element Negotiation.
9 (RLIN) 12089
650 #0 - SUBJECT ADDED ENTRY--TOPICAL TERM
Topical term or geographic name as entry element Mediation.
9 (RLIN) 2508
650 #0 - SUBJECT ADDED ENTRY--TOPICAL TERM
Topical term or geographic name as entry element Conflict management.
9 (RLIN) 2507
700 1# - ADDED ENTRY--PERSONAL NAME
Personal name Evans, Alice F.,
Dates associated with a name 1939-
9 (RLIN) 44019
700 1# - ADDED ENTRY--PERSONAL NAME
Personal name Evans, Robert A.,
Dates associated with a name 1937-
9 (RLIN) 44020
856 42 - ELECTRONIC LOCATION AND ACCESS
Materials specified Contributor biographical information
Uniform Resource Identifier <a href="http://www.loc.gov/catdir/bios/wiley046/00011082.html">http://www.loc.gov/catdir/bios/wiley046/00011082.html</a>
856 42 - ELECTRONIC LOCATION AND ACCESS
Materials specified Publisher description
Uniform Resource Identifier <a href="http://www.loc.gov/catdir/description/wiley0310/00011082.html">http://www.loc.gov/catdir/description/wiley0310/00011082.html</a>
856 4# - ELECTRONIC LOCATION AND ACCESS
Materials specified Table of Contents
Uniform Resource Identifier <a href="http://www.loc.gov/catdir/toc/onix07/00011082.html">http://www.loc.gov/catdir/toc/onix07/00011082.html</a>
906 ## - LOCAL DATA ELEMENT F, LDF (RLIN)
a 7
b cbc
c orignew
d 1
e ecip
f 20
g y-gencatlg
942 ## - ADDED ENTRY ELEMENTS (KOHA)
Source of classification or shelving scheme Library of Congress Classification
Koha item type Monograph ( Printed materials)
Holdings
Withdrawn status Lost status Source of classification or shelving scheme Damaged status Not for loan Collection code Home library Current library Shelving location Date acquired Total Checkouts Full call number Barcode Date last seen Date checked out Price effective from Koha item type
    Library of Congress Classification     Main Collection ARRUPE LIBRARY ARRUPE LIBRARY Main Collection 14/01/2019 1 BF637.N4 K73 2000 46600002417 06/02/2020 24/01/2020 14/01/2019 Monograph ( Printed materials)

 

Arrupe Library. PO Box MP320 Mt Pleasant, Harare, Zimbabwe
263 242 745411|librarian@aju.ac.zw